[Event "NAYCC U10"]
[Site "Kingston CAN"]
[Date "2019.08.17"]
[Round "3.32"]
[White "Zhang, Kevin"]
[Black "Kurup, Siddharth"]
[Result "1-0"]
[WhiteElo "1184"]
[BlackElo "1434"]
[PlyCount "39"]
[EventDate "2019.08.16"]
[EventType "swiss"]
[EventRounds "9"]
[EventCountry "CAN"]

1. d4 e6 2. e4 b6 3. Nc3 Bb7 4. Nf3 Bb4 5. Bd3 Nf6 6. e5 Nd5 7. Bd2 Nxc3 8.
bxc3 Ba5 9. O-O O-O 10. Bxh7+ Kh8 11. Bd3 Nc6 12. Ng5 g6 13. Nh3 d6 14. Bg5 Qd7
15. Bf6+ Kg8 16. Qg4 Qe7 17. Bxe7 Nxe7 18. Qh4 Rfe8 19. Qh6 Bxc3 20. Ng5 1-0

[Event "NAYCC U10"]
[Site "Kingston CAN"]
[Date "2019.08.17"]
[Round "3.33"]
[White "Yao, Henry"]
[Black "Mane, Arnav"]
[Result "1/2-1/2"]
[WhiteElo "1405"]
[BlackElo "1168"]
[PlyCount "46"]
[EventDate "2019.08.16"]
[EventType "swiss"]
[EventRounds "9"]
[EventCountry "CAN"]

1. e4 c5 2. Nf3 d6 3. Bb5+ Bd7 4. Bxd7+ Qxd7 5. O-O Nf6 6. Re1 e6 7. d4 cxd4 8.
Nxd4 Nc6 9. Nc3 Be7 10. Be3 O-O 11. Qe2 Rfe8 12. f4 Rad8 13. Rad1 Qc8 14. Kh1
d5 15. e5 Nd7 16. Qf3 Nb6 17. Bf2 Nxd4 18. Bxd4 Bc5 19. Qf2 Bxd4 20. Qxd4 Qc4
21. Qxc4 Nxc4 22. Ne2 Rc8 23. Nd4 a6 1/2-1/2

[Event "NAYCC U10"]
[Site "Kingston CAN"]
[Date "2019.08.17"]
[Round "3.34"]
[White "Qian, Eric"]
[Black "Liu, Lucas"]
[Result "1/2-1/2"]
[WhiteElo "1152"]
[BlackElo "1401"]
[PlyCount "67"]
[EventDate "2019.08.16"]
[EventType "swiss"]
[EventRounds "9"]
[EventCountry "CAN"]

1. e4 c5 2. Nf3 Nc6 3. d4 cxd4 4. Nxd4 g6 5. Nc3 Bg7 6. Be3 Nf6 7. Bd3 d6 8.
O-O Ng4 9. Nxc6 bxc6 10. Bg5 Qa5 11. Bd2 Qb6 12. Na4 Qc7 13. h3 Ne5 14. Be2 O-O
15. f4 Nd7 16. Kh1 Nb6 17. Nxb6 Qxb6 18. Bc3 Bxc3 19. bxc3 Qc7 20. Qd4 c5 21.
Qe3 Rb8 22. Bc4 Bd7 23. Rf3 Bb5 24. Bxb5 Rxb5 25. c4 Rb4 26. Qc3 Rfb8 27. Raf1
Rb1 28. f5 Rxf1+ 29. Rxf1 Rf8 30. fxg6 hxg6 31. h4 e5 32. h5 Kg7 33. Qe3 Rh8
34. g4 1/2-1/2

[Event "NAYCC U10"]
[Site "Kingston CAN"]
[Date "2019.08.17"]
[Round "3.35"]
[White "Yang, Andersen"]
[Black "Wang, Leo"]
[Result "1-0"]
[WhiteElo "1400"]
[BlackElo "1040"]
[PlyCount "77"]
[EventDate "2019.08.16"]
[EventType "swiss"]
[EventRounds "9"]
[EventCountry "CAN"]

1. e4 c5 2. Nf3 Nc6 3. c3 d6 4. Be2 Nf6 5. d4 e6 6. Bg5 cxd4 7. Bxf6 Qxf6 8.
Nxd4 Nxd4 9. Qxd4 Qxd4 10. cxd4 g6 11. Bb5+ Bd7 12. Bxd7+ Kxd7 13. f4 Rc8 14.
Nc3 Bg7 15. Rd1 Rc4 16. e5 dxe5 17. dxe5+ Ke7 18. g3 f6 19. exf6+ Bxf6 20. Rc1
Bxc3+ 21. Rxc3 Rxc3 22. bxc3 Rc8 23. Kd2 h5 24. Rb1 b6 25. Rb4 Rc6 26. Ra4 a5
27. Rd4 Rd6 28. Rxd6 Kxd6 29. c4 a4 30. a3 e5 31. fxe5+ Kxe5 32. Ke3 g5 33. h3
g4 34. h4 Kd6 35. Kf4 Ke6 36. Kg5 Ke5 37. Kxh5 Kf5 38. Kh6 Kf6 39. h5 1-0

[Event "NAYCC U10"]
[Site "Kingston CAN"]
[Date "2019.08.17"]
[Round "3.36"]
[White "Velasquez, Noah"]
[Black "Garcia, Maximiliano"]
[Result "1-0"]
[WhiteElo "1039"]
[BlackElo "1391"]
[PlyCount "45"]
[EventDate "2019.08.16"]
[EventType "swiss"]
[EventRounds "9"]
[EventCountry "CAN"]

1. e4 g6 2. d4 Bg7 3. Nf3 d6 4. c3 Nf6 5. Bd3 O-O 6. Bf4 Nbd7 7. Na3 c6 8. Nc2
b6 9. Qd2 Bb7 10. Bh6 c5 11. d5 Ng4 12. Bxg7 Kxg7 13. h3 Nge5 14. Nxe5 Nxe5 15.
h4 Nd7 16. h5 Nf6 17. hxg6 fxg6 18. Qh6+ Kf7 19. O-O-O Ke8 20. Bb5+ Nd7 21.
Qxh7 a6 22. Qxg6+ Rf7 23. Rh8# 1-0

[Event "NAYCC U10"]
[Site "Kingston CAN"]
[Date "2019.08.17"]
[Round "3.37"]
[White "Yang, Larry"]
[Black "Zuo, Roger"]
[Result "1-0"]
[WhiteElo "1378"]
[BlackElo "1034"]
[PlyCount "65"]
[EventDate "2019.08.16"]
[EventType "swiss"]
[EventRounds "9"]
[EventCountry "CAN"]

1. e4 e5 2. Nf3 Nc6 3. Bc4 Nf6 4. d3 Bc5 5. c3 d6 6. Nbd2 Be6 7. Bxe6 fxe6 8.
Ng5 Qd7 9. Qb3 d5 10. exd5 exd5 11. Qxb7 Rb8 12. Qa6 Rb6 13. Qa4 Qf5 14. Qh4
Ng4 15. O-O Be7 16. Nb3 h6 17. h3 Nf6 18. Nf3 Qxd3 19. Qg3 Kf8 20. Be3 Rb7 21.
Nxe5 Nxe5 22. Qxe5 Qb5 23. Rfe1 Kf7 24. Bxh6 Re8 25. Bg5 Ba3 26. Qg3 Rxe1+ 27.
Rxe1 Bxb2 28. Bxf6 gxf6 29. Qf3 d4 30. Nxd4 Qb6 31. Qh5+ Kg8 32. Qg6+ Kf8 33.
Re8# 1-0

[Event "NAYCC U10"]
[Site "Kingston CAN"]
[Date "2019.08.17"]
[Round "3.38"]
[White "Luo, Albert"]
[Black "Chen, Vincent"]
[Result "0-1"]
[WhiteElo "960"]
[BlackElo "1368"]
[PlyCount "168"]
[EventDate "2019.08.16"]
[EventType "swiss"]
[EventRounds "9"]
[EventCountry "CAN"]

1. e4 e6 2. d4 d5 3. e5 c5 4. Nf3 Nc6 5. Bb5 Qb6 6. Nc3 Bd7 7. Be3 a6 8. Bxc6
bxc6 9. Na4 Qa5+ 10. Nc3 cxd4 11. Nxd4 c5 12. Nb3 Qc7 13. Bf4 Ne7 14. Nd2 Ng6
15. Qf3 Nxe5 16. Qg3 f6 17. Nf3 Nxf3+ 18. Qxf3 Qb6 19. b3 Bc6 20. Qe2 Bb7 21.
Na4 Qb4+ 22. Bd2 Qe4 23. Qxe4 dxe4 24. Be3 Rc8 25. Nb6 Rc6 26. Na4 c4 27. Rc1
cxb3 28. cxb3 Bb4+ 29. Ke2 a5 30. Rxc6 Bxc6 31. Rc1 Bb5+ 32. Kd1 O-O 33. Nc3
Rd8+ 34. Bd2 f5 35. Rc2 Bd3 36. Rc1 Ba3 37. Ra1 Bb2 38. Rc1 Bxc1 39. Kxc1 h6
40. Nb5 Bxb5 41. Bxa5 Ra8 42. b4 Kf7 43. Kd2 Kf6 44. Ke3 Ke5 45. f4+ exf3 46.
gxf3 Rxa5 47. bxa5 Ba6 48. f4+ Kd5 49. Kf3 g6 50. h4 h5 51. Ke3 Kc5 52. a3 Kb5
53. Kd4 Kxa5 54. Ke5 Be2 55. Kxe6 Bg4 56. Kf6 Ka4 57. Kxg6 Kxa3 58. Kf6 Kb3 59.
Ke5 Kc3 60. Kf6 Kd3 61. Kg6 Ke2 62. Kg5 Kf3 63. Kh6 Kxf4 64. Kg6 Kg3 65. Kg5 f4
66. Kh6 f3 67. Kg5 f2 68. Kh6 f1=R 69. Kg5 Rf5+ 70. Kh6 Kxh4 71. Kh7 Kg3 72.
Kg6 h4 73. Kh6 h3 74. Kg6 h2 75. Kh6 h1=N 76. Kg6 Nf2 77. Kh6 Ne4 78. Kg6 Rf6+
79. Kg7 Bh5 80. Kh7 Ng5+ 81. Kg7 Rf7+ 82. Kh6 Kf4 83. Kxh5 Rf6 84. Kh4 Rh6# 0-1

[Event "NAYCC U10"]
[Site "Kingston CAN"]
[Date "2019.08.17"]
[Round "3.39"]
[White "Odrcich, Eric"]
[Black "Meister, Xan"]
[Result "0-1"]
[WhiteElo "564"]
[BlackElo "1353"]
[PlyCount "50"]
[EventDate "2019.08.16"]
[EventType "swiss"]
[EventRounds "9"]
[EventCountry "CAN"]

1. e4 e6 2. d3 d5 3. Nc3 Nf6 4. f3 c5 5. e5 Nfd7 6. d4 cxd4 7. Qxd4 Nc6 8. Qa4
Nc5 9. Qb5 Bd7 10. Qe2 d4 11. Ne4 Nxe4 12. Qxe4 Bb4+ 13. Bd2 Bxd2+ 14. Kxd2
Qa5+ 15. c3 dxc3+ 16. bxc3 Rc8 17. Qc2 O-O 18. Qe4 Nxe5 19. Bd3 Qxc3+ 20. Ke2
Nxd3 21. Qxd3 Qxa1 22. Qxd7 Rfd8 23. Qxb7 Qd1+ 24. Kf2 Rc2+ 25. Ke3 Qd4# 0-1

[Event "NAYCC U10"]
[Site "Kingston CAN"]
[Date "2019.08.17"]
[Round "3.40"]
[White "Kvirikadze, Becka"]
[Black "Villegas, Howard"]
[Result "1-0"]
[WhiteElo "1340"]
[BlackElo "724"]
[PlyCount "113"]
[EventDate "2019.08.16"]
[EventType "swiss"]
[EventRounds "9"]
[EventCountry "CAN"]

1. e4 e5 2. Nf3 Nc6 3. Bc4 h6 4. O-O Nf6 5. Nc3 d6 6. d4 Bg4 7. dxe5 Nxe5 8.
Be2 c6 9. Nxe5 Bxe2 10. Nxc6 Bxd1 11. Nxd8 Bxc2 12. Nxb7 Nxe4 13. Re1 f5 14. f3
Be7 15. fxe4 fxe4 16. Nxe4 O-O 17. Bd2 d5 18. Nc3 Bh4 19. Re5 Bf2+ 20. Kh1 d4
21. Ne4 d3 22. Rf1 Bd4 23. Ref5 Rxf5 24. Rxf5 Bxb2 25. Nbc5 Re8 26. h3 Bd4 27.
Rd5 Bxc5 28. Nxc5 Re2 29. Bc3 Re3 30. Kg1 Kf7 31. Kf2 Re2+ 32. Kf3 Bd1 33. Rxd3
Re5+ 34. Rxd1 Rxc5 35. Bd4 Rd5 36. Ke2 Ke6 37. Bxg7 Rg5 38. Bxh6 Rxg2+ 39. Kf3
Rxa2 40. Re1+ Kd5 41. Bg7 Ra3+ 42. Kg4 a5 43. Ra1 Rxa1 44. Bxa1 Ke6 45. h4 Kf7
46. Kg5 Kg8 47. Kg6 a4 48. h5 a3 49. h6 a2 50. h7+ Kf8 51. h8=Q+ Ke7 52. Qf6+
Kd7 53. Qb6 Ke7 54. Qc6 Kf8 55. Qd6+ Ke8 56. Bf6 a1=Q 57. Qe7# 1-0

[Event "NAYCC U10"]
[Site "Kingston CAN"]
[Date "2019.08.17"]
[Round "3.41"]
[White "Luan, Jacky"]
[Black "Zhang, Daniel"]
[Result "1-0"]
[WhiteElo "594"]
[BlackElo "1267"]
[PlyCount "165"]
[EventDate "2019.08.16"]
[EventType "swiss"]
[EventRounds "9"]
[EventCountry "CAN"]

1. d4 e6 2. e4 d5 3. Nd2 c5 4. c3 Nc6 5. Ngf3 Qb6 6. Qa4 Bd7 7. Bb5 a6 8. Bxc6
Bxc6 9. Qb3 Qxb3 10. Nxb3 c4 11. Na5 dxe4 12. Ne5 Bd5 13. Naxc4 f6 14. Nb6 Rd8
15. Nec4 Ne7 16. Bf4 Bxc4 17. Nxc4 Ng6 18. Bg3 h5 19. Nb6 Bd6 20. Bxd6 Rxd6 21.
Nc4 Rc6 22. Na5 Rc7 23. Nb3 b6 24. a4 a5 25. Nd2 f5 26. c4 Nf4 27. g3 Nd3+ 28.
Ke2 Nxb2 29. Rab1 Nxa4 30. Ra1 Nb2 31. Rhc1 Nd3 32. Rcb1 Nb4 33. Rxb4 axb4 34.
Ra8+ Kf7 35. Rxh8 Ra7 36. Rb8 Ra6 37. c5 bxc5 38. dxc5 Rc6 39. Nb3 e5 40. Rxb4
g5 41. Rb7+ Kg8 42. Re7 Rc8 43. Rxe5 Rb8 44. Nd4 Rd8 45. Nxf5 Kf7 46. c6 Kf6
47. c7 Rc8 48. Nd6 Rxc7 49. Rxe4 Rc2+ 50. Kf3 g4+ 51. Kg2 Rc6 52. Rf4+ Kg6 53.
Nf7 Rc7 54. Ne5+ Kg5 55. h4+ Kh6 56. Nxg4+ hxg4 57. Rxg4 Rc2 58. Rf4 Kh5 59.
Kh3 Rc3 60. f3 Ra3 61. g4+ Kg6 62. h5+ Kg5 63. Rf5+ Kh6 64. Kh4 Ra1 65. g5+ Kg7
66. h6+ Kh7 67. Rf7+ Kg8 68. Rg7+ Kh8 69. Kh5 Rh1+ 70. Kg6 Rxh6+ 71. Kf5 Kxg7
72. gxh6+ Kg8 73. Ke6 Kf8 74. f4 Kg8 75. f5 Kh8 76. f6 Kg8 77. h7+ Kh8 78. f7
Kg7 79. f8=Q+ Kxh7 80. Qf4 Kg8 81. Qc7 Kh8 82. Kf6 Kg8 83. Qg7# 1-0

[Event "NAYCC U10"]
[Site "Kingston CAN"]
[Date "2019.08.17"]
[Round "3.42"]
[White "Ran, Sean"]
[Black "Beechener, Alexander"]
[Result "1-0"]
[WhiteElo "1264"]
[BlackElo "497"]
[PlyCount "47"]
[EventDate "2019.08.16"]
[EventType "swiss"]
[EventRounds "9"]
[EventCountry "CAN"]

1. e4 c5 2. Nc3 d5 3. exd5 b6 4. Bb5+ Bd7 5. Bxd7+ Nxd7 6. Nf3 Rc8 7. O-O h5 8.
Re1 e6 9. dxe6 fxe6 10. Rxe6+ Be7 11. Nd5 Rh6 12. Re4 Ndf6 13. Nxf6+ Rxf6 14.
d3 b5 15. Bg5 Rf7 16. Bxe7 Nxe7 17. Ng5 Rf8 18. Qxh5+ g6 19. Qxg6+ Rf7 20.
Qxf7+ Kd7 21. Rae1 Qa5 22. Qxe7+ Kc6 23. Re6+ Kd5 24. Qd6# 1-0

[Event "NAYCC U10"]
[Site "Kingston CAN"]
[Date "2019.08.17"]
[Round "3.43"]
[White "Chen, Ricky"]
[Black "Darvekar, Yash"]
[Result "0-1"]
[WhiteElo "954"]
[BlackElo "1505"]
[PlyCount "130"]
[EventDate "2019.08.16"]
[EventType "swiss"]
[EventRounds "9"]
[EventCountry "CAN"]

1. e4 c5 2. Nf3 g6 3. Bc4 Nc6 4. Nc3 Bg7 5. d3 Nf6 6. Be3 d6 7. Qd2 Ng4 8. Bg5
Nd4 9. Nxd4 Bxd4 10. Bh4 Bg7 11. h3 Ne5 12. Bb5+ Bd7 13. Bxd7+ Qxd7 14. Nd5 Nc6
15. O-O-O O-O-O 16. Qf4 f6 17. Qg4 Qxg4 18. hxg4 g5 19. Bg3 e6 20. Nc3 Ne5 21.
Nb5 a6 22. d4 Nxg4 23. Nxd6+ Rxd6 24. Bxd6 Nxf2 25. Bxc5 Nxh1 26. Rxh1 h5 27.
g3 h4 28. gxh4 Rxh4 29. Rxh4 gxh4 30. Bd6 e5 31. dxe5 fxe5 32. Bc5 h3 33. Bg1
Bh6+ 34. Kd1 Be3 35. Bh2 Bf4 36. Bg1 h2 37. Bxh2 Bxh2 38. Kd2 Kc7 39. Kc3 Kc6
40. Kc4 Bf4 41. a4 b5+ 42. axb5+ axb5+ 43. Kb4 Bd2+ 44. Kb3 Kc5 45. c3 Be3 46.
Kc2 b4 47. Kb3 Kb5 48. cxb4 Bd2 49. Kc2 Bxb4 50. Kd3 Bc5 51. Ke2 Kc4 52. Kf3
Kd3 53. b4 Bxb4 54. Kf2 Kxe4 55. Ke2 Kd4 56. Kf3 e4+ 57. Ke2 e3 58. Kd1 Kd3 59.
Kc1 e2 60. Kb2 e1=Q 61. Kb3 Bc5 62. Kb2 Qd1 63. Ka2 Bb4 64. Kb2 Qc2+ 65. Ka1
Bc3# 0-1

[Event "NAYCC U10"]
[Site "Kingston CAN"]
[Date "2019.08.17"]
[Round "3.44"]
[White "Huang, Ivan"]
[Black "Huang, Winston"]
[Result "0-1"]
[WhiteElo "1138"]
[BlackElo "1220"]
[PlyCount "150"]
[EventDate "2019.08.16"]
[EventType "swiss"]
[EventRounds "9"]
[EventCountry "CAN"]

1. e4 e5 2. Nf3 Nc6 3. Bc4 Bc5 4. c3 Nf6 5. d4 exd4 6. cxd4 Bb4+ 7. Bd2 Bxd2+
8. Nbxd2 d5 9. exd5 Nxd5 10. O-O O-O 11. a3 Nb6 12. Ba2 Nxd4 13. Ne4 Nxf3+ 14.
Qxf3 Qe7 15. Ng3 Rb8 16. Rfe1 Be6 17. Rad1 c6 18. Qe2 Rfe8 19. Nf5 Qf6 20. Nd4
Nd5 21. Qe5 Qxe5 22. Rxe5 Rbd8 23. Nxe6 fxe6 24. Bxd5 exd5 25. Rf5 Rf8 26.
Rxf8+ Kxf8 27. Kf1 Kf7 28. Ke2 Re8+ 29. Kf3 Kf6 30. h4 Re4 31. g3 g5 32. h5 g4+
33. Kg2 Kg5 34. f4+ gxf3+ 35. Kxf3 Kxh5 36. Rh1+ Kg6 37. Rh2 h5 38. Rh1 Kg5 39.
Rh2 h4 40. gxh4+ Rxh4 41. Rg2+ Kf6 42. Rf2 Rh6 43. Ke3+ Ke6 44. Kd3 Rf6 45.
Re2+ Kd6 46. Rg2 Re6 47. Rg7 Re7 48. Rg6+ Kc7 49. Rg4 Kb6 50. Rb4+ Kc5 51. Ra4
a6 52. Rf4 Re4 53. Rf7 b6 54. Rf5 Rh4 55. Rf3 Kb5 56. Kc3 c5 57. Kd3 Re4 58.
Kc3 a5 59. b3 d4+ 60. Kc2 a4 61. Kb2 Re3 62. Rf2 Rxb3+ 63. Ka2 Kc4 64. Rh2 b5
65. Rh4 Kc3 66. Rh3+ d3 67. Rg3 Kc2 68. Rg2+ d2 69. Rh2 Kc1 70. Rh5 c4 71. Rd5
d1=Q 72. Rxd1+ Kxd1 73. Ka1 Kc1 74. Ka2 Kc2 75. Ka1 Rxa3# 0-1

[Event "NAYCC U10"]
[Site "Kingston CAN"]
[Date "2019.08.17"]
[Round "3.45"]
[White "Shi, Michael"]
[Black "Komolafe, Joshua"]
[Result "1-0"]
[WhiteElo "1795"]
[BlackElo "1050"]
[PlyCount "31"]
[EventDate "2019.08.16"]
[EventType "swiss"]
[EventRounds "9"]
[EventCountry "CAN"]

1. e4 e5 2. Nf3 Nf6 3. Nxe5 Nxe4 4. Qe2 d5 5. d3 Nc5 6. Nc6+ Be7 7. Nxd8 O-O 8.
Qxe7 h6 9. Qxc5 Rxd8 10. Be2 Kh7 11. O-O Kg6 12. Qxc7 Rd7 13. Qxc8 Kf6 14. Re1
Ke5 15. Bg4+ Kd6 16. Bf4# 1-0

[Event "NAYCC U10"]
[Site "Kingston CAN"]
[Date "2019.08.17"]
[Round "3.46"]
[White "Georgescu-Nicolau, Luca"]
[Black "Murali, Dhruv"]
[Result "1-0"]
[WhiteElo "1337"]
[BlackElo "972"]
[PlyCount "113"]
[EventDate "2019.08.16"]
[EventType "swiss"]
[EventRounds "9"]
[EventCountry "CAN"]

1. d4 Nf6 2. c4 e5 3. dxe5 Ng4 4. Nf3 Bc5 5. e3 Nc6 6. Nc3 Ngxe5 7. Nxe5 Nxe5
8. Be2 d6 9. O-O O-O 10. e4 Be6 11. b3 Bb4 12. Nd5 Bxd5 13. exd5 Qf6 14. Bd2
Bxd2 15. Qxd2 Rae8 16. Qa5 Re7 17. Qxa7 b6 18. Qa3 Rfe8 19. h3 Ng6 20. Bg4 Nh4
21. Qb4 h6 22. Rfe1 Rxe1+ 23. Rxe1 Rxe1+ 24. Qxe1 Qe5 25. Qxe5 dxe5 26. g3 Ng6
27. Bf5 Ne7 28. Bc2 Kf8 29. Kf1 Ke8 30. Ke2 Kd7 31. Ke3 Kd6 32. Ke4 f5+ 33. Kd3
g5 34. b4 h5 35. a4 c6 36. dxc6 Nxc6 37. Kc3 e4 38. Bd1 h4 39. gxh4 gxh4 40.
Bh5 f4 41. Bg6 e3 42. fxe3 f3 43. Kd2 Ne5 44. Bd3 Kc6 45. Bf1 Kd6 46. Kc3 f2
47. e4 Nf3 48. Kd3 Ne1+ 49. Ke2 Nc2 50. b5 Ke5 51. Kxf2 Kxe4 52. c5 bxc5 53. a5
Nd4 54. a6 Nxb5 55. Bxb5 c4 56. Bxc4 Kf4 57. a7 1-0

[Event "NAYCC U10"]
[Site "Kingston CAN"]
[Date "2019.08.17"]
[Round "3.47"]
[White "Cacciatore, Luc"]
[Black "Su, Leo"]
[Result "1-0"]
[WhiteElo "1298"]
[BlackElo "915"]
[PlyCount "105"]
[EventDate "2019.08.16"]
[EventType "swiss"]
[EventRounds "9"]
[EventCountry "CAN"]

1. d4 Nf6 2. Bf4 g6 3. Nc3 Bg7 4. Qd2 h6 5. e4 d6 6. O-O-O g5 7. Be3 O-O 8. f3
Nbd7 9. h4 Nb6 10. b3 g4 11. Bxh6 gxf3 12. Qg5 Ne8 13. Bxg7 Nxg7 14. Nxf3 e6
15. Qg3 d5 16. e5 Qe7 17. Kb2 Qb4 18. h5 Kh8 19. h6 Nf5 20. Qg5 Rg8 21. Qf6+
Kh7 22. Qxf7+ Kh8 23. Qf6+ Kh7 24. Ng5+ Rxg5 25. Qxg5 c6 26. g4 Bd7 27. gxf5
Rg8 28. Qd2 exf5 29. Qe1 Rg4 30. e6 Be8 31. Qe5 c5 32. Qc7+ Kh8 33. Qxc5 Qxc5
34. dxc5 Nc8 35. Rxd5 Ne7 36. Rd8 Rg8 37. Bb5 Bxb5 38. Rxg8+ Kxg8 39. Nxb5 Kh7
40. Nxa7 Ng8 41. Kc3 Ne7 42. Kd4 f4 43. Ke4 f3 44. Kxf3 Nd5 45. Re1 Kxh6 46. e7
Nxe7 47. Rxe7 b5 48. cxb6 Kg6 49. b7 Kh6 50. b8=Q Kg6 51. Qf8 Kh5 52. Rg7 Kh6
53. Qh8# 1-0

[Event "NAYCC U10"]
[Site "Kingston CAN"]
[Date "2019.08.17"]
[Round "3.48"]
[White "White, Max"]
[Black "Liu, Henry"]
[Result "0-1"]
[WhiteElo "1063"]
[BlackElo "797"]
[PlyCount "88"]
[EventDate "2019.08.16"]
[EventType "swiss"]
[EventRounds "9"]
[EventCountry "CAN"]

1. e4 c5 2. Nf3 d6 3. Bc4 Nc6 4. O-O Nf6 5. d3 g6 6. Bf4 Bg7 7. Nc3 O-O 8. e5
dxe5 9. Nxe5 Nxe5 10. Bxe5 Bf5 11. Bxf6 Bxf6 12. Qf3 b6 13. Bd5 Rb8 14. Rae1 e6
15. Be4 Bxe4 16. dxe4 b5 17. Rd1 Qe7 18. Rb1 b4 19. Na4 Bg7 20. c3 a5 21. cxb4
cxb4 22. a3 Qf6 23. Qxf6 Bxf6 24. axb4 Rxb4 25. Nc3 Bxc3 26. bxc3 Rxe4 27. Rb5
a4 28. Ra1 Rd8 29. f3 Re2 30. Kf1 Rdd2 31. Rg5 Ra2 32. Rxa2 Rxa2 33. Rb5 a3 34.
Rb1 Rb2 35. Ra1 a2 36. c4 Rb1+ 37. Rxb1 axb1=Q+ 38. Ke2 Qc2+ 39. Ke3 Qxc4 40.
Kf2 f5 41. Kg3 f4+ 42. Kh3 Qe2 43. Kh4 Qxg2 44. h3 Qg3# 0-1

[Event "NAYCC U10"]
[Site "Kingston CAN"]
[Date "2019.08.17"]
[Round "3.49"]
[White "Qiu, Max"]
[Black "Hanchell, Lheerin"]
[Result "1-0"]
[WhiteElo "888"]
[BlackElo "1050"]
[PlyCount "59"]
[EventDate "2019.08.16"]
[EventType "swiss"]
[EventRounds "9"]
[EventCountry "CAN"]

1. c4 e5 2. Nc3 Bc5 3. e3 Nf6 4. Nge2 Nc6 5. g3 O-O 6. Bg2 d6 7. O-O Bg4 8. h3
Bxe2 9. Qxe2 Qd7 10. b3 Rae8 11. Re1 Re7 12. Bb2 Rfe8 13. a3 a6 14. b4 Ba7 15.
a4 Nxb4 16. Rec1 b5 17. axb5 axb5 18. Rxa7 h6 19. Nd5 Nbxd5 20. cxd5 Nh7 21.
Rcxc7 Qf5 22. Rxe7 Rxe7 23. Rxe7 Kf8 24. Rb7 Qb1+ 25. Kh2 g6 26. Ba3 Ke8 27.
Rb8+ Kd7 28. Qg4+ f5 29. Qxg6 Kc7 30. Qxd6# 1-0

[Event "NAYCC U10"]
[Site "Kingston CAN"]
[Date "2019.08.17"]
[Round "4.22"]
[White "Yang, Jingyun (Ryan)"]
[Black "Liu, Eric"]
[Result "1-0"]
[WhiteElo "1875"]
[BlackElo "1459"]
[PlyCount "43"]
[EventDate "2019.08.16"]
[EventType "swiss"]
[EventRounds "9"]
[EventCountry "CAN"]

1. e4 c5 2. Nf3 Nc6 3. Nc3 d6 4. d3 g6 5. Be2 Bg7 6. O-O Nf6 7. Bf4 O-O 8. Qd2
a6 9. Bh6 e6 10. Bxg7 Kxg7 11. d4 cxd4 12. Nxd4 Qc7 13. Rad1 Rd8 14. Nxc6 bxc6
15. e5 Nd5 16. exd6 Rxd6 17. Qd4+ Kg8 18. Ne4 Rd7 19. c4 c5 20. Qxc5 Nf4 21.
Nf6+ Kh8 22. Qf8# 1-0

[Event "NAYCC U10"]
[Site "Kingston CAN"]
[Date "2019.08.17"]
[Round "4.23"]
[White "Lin, Leo"]
[Black "Williamson, Mobius"]
[Result "1-0"]
[WhiteElo "1772"]
[BlackElo "1420"]
[PlyCount "75"]
[EventDate "2019.08.16"]
[EventType "swiss"]
[EventRounds "9"]
[EventCountry "CAN"]

1. Nf3 d5 2. c4 c6 3. d4 Nf6 4. Nc3 a6 5. e3 Bf5 6. cxd5 cxd5 7. Qb3 Ra7 8.
Qa4+ Nbd7 9. Ne5 e6 10. f3 Be7 11. g4 Bg6 12. g5 Ng8 13. Nxd7 Qxd7 14. Bb5 axb5
15. Qxa7 Bxg5 16. Qc5 Bh4+ 17. Ke2 Nf6 18. Nxb5 Qc6 19. Bd2 Qxc5 20. dxc5 Kd7
21. Nd6 b6 22. b4 bxc5 23. bxc5 Kc6 24. Rhc1 Nd7 25. Bb4 Bf6 26. Bc3 Bxc3 27.
Rxc3 Rb8 28. a4 Nxc5 29. Nb5 Kb6 30. Nd4 Nd7 31. a5+ Ka7 32. Nc6+ Ka8 33. Nxb8
Nxb8 34. a6 Ka7 35. Rc7+ Ka8 36. a7 e5 37. Rc8 Kb7 38. axb8=R# 1-0

[Event "NAYCC U10"]
[Site "Kingston CAN"]
[Date "2019.08.17"]
[Round "4.24"]
[White "Vemparala, Nikash"]
[Black "Chamadia, Avaan"]
[Result "1/2-1/2"]
[WhiteElo "1485"]
[BlackElo "1362"]
[PlyCount "77"]
[EventDate "2019.08.16"]
[EventType "swiss"]
[EventRounds "9"]
[EventCountry "CAN"]

1. e4 c5 2. Nc3 Nc6 3. g3 g6 4. Bg2 Bg7 5. d3 e6 6. Be3 d6 7. f4 Nge7 8. Nf3
O-O 9. O-O Nd4 10. g4 f5 11. g5 Rb8 12. h4 b5 13. Bxd4 cxd4 14. Ne2 Qb6 15. Kh1
Bb7 16. Nh2 fxe4 17. dxe4 d5 18. e5 Nf5 19. Ng4 d3 20. Qxd3 Nxh4 21. Nd4 b4 22.
Qd2 Rbc8 23. Nf6+ Bxf6 24. gxf6 Rc4 25. c3 Rfc8 26. Bh3 bxc3 27. bxc3 Nf5 28.
Bxf5 exf5 29. Rab1 Qa6 30. Kg1 Rxc3 31. Nxf5 Rc2 32. Nh6+ Kh8 33. Nf7+ Kg8 34.
Nh6+ Kh8 35. Qb4 Qe2 36. Nf7+ Kg8 37. Nh6+ Kh8 38. Nf7+ Kg8 39. Nh6+ 1/2-1/2

[Event "NAYCC U10"]
[Site "Kingston CAN"]
[Date "2019.08.17"]
[Round "4.25"]
[White "Wang, Alexander"]
[Black "Xu, Alex"]
[Result "1-0"]
[WhiteElo "1487"]
[BlackElo "1763"]
[PlyCount "69"]
[EventDate "2019.08.16"]
[EventType "swiss"]
[EventRounds "9"]
[EventCountry "CAN"]

1. e4 e6 2. d4 d5 3. Nd2 Nf6 4. e5 Nfd7 5. Bd3 c5 6. c3 Nc6 7. Ne2 Qb6 8. Nf3
cxd4 9. cxd4 f6 10. exf6 Nxf6 11. O-O Bd6 12. a3 O-O 13. b4 a6 14. Bg5 Qc7 15.
Bh4 Bd7 16. Bg3 Nh5 17. Bxd6 Qxd6 18. Qc2 h6 19. Rad1 Rac8 20. Qb2 Nf4 21. Nxf4
Rxf4 22. Bb1 Rcf8 23. Qc2 R8f6 24. Qh7+ Kf8 25. Bg6 Ne7 26. Qh8+ Ng8 27. Bh7
Ke7 28. Qxg8 g5 29. Ne5 Bb5 30. Ng6+ Rxg6 31. Bxg6 Kd7 32. Rc1 Qe7 33. Qc8+ Kd6
34. Qb8+ Kd7 35. Qc7# 1-0

[Event "NAYCC U10"]
[Site "Kingston CAN"]
[Date "2019.08.17"]
[Round "4.26"]
[White "Yang, Larry"]
[Black "Zhang, Arthur"]
[Result "1-0"]
[WhiteElo "1378"]
[BlackElo "1703"]
[PlyCount "143"]
[EventDate "2019.08.16"]
[EventType "swiss"]
[EventRounds "9"]
[EventCountry "CAN"]

1. e4 e5 2. Nf3 Nc6 3. Bc4 Bc5 4. c3 Nf6 5. d3 d6 6. O-O O-O 7. Bg5 h6 8. Bh4
Be6 9. Nbd2 Bb6 10. b4 a6 11. Bb3 Re8 12. Nc4 Rc8 13. Ne3 Rf8 14. Nd5 Bxd5 15.
Bxd5 g5 16. Bxc6 bxc6 17. Bg3 Nh5 18. Kh1 Nxg3+ 19. fxg3 c5 20. bxc5 Bxc5 21.
d4 exd4 22. cxd4 Bb6 23. Qd3 Qe7 24. h3 Rce8 25. Rae1 a5 26. Nh2 f6 27. Ng4 Qg7
28. Rf5 Rf7 29. Ref1 Ref8 30. Qc4 Kh8 31. e5 Bxd4 32. Qxd4 fxe5 33. Qd3 Rxf5
34. Rxf5 Rxf5 35. Qxf5 a4 36. Qe6 Qf8 37. Nxh6 Kh7 38. Nf7 Qg7 39. h4 gxh4 40.
gxh4 a3 41. Ng5+ Kh8 42. Qe8+ Qg8 43. Qh5+ Kg7 44. Qe2 Qd5 45. Qc2 Kf6 46. Ne4+
Ke6 47. h5 Qa5 48. Qe2 Qb4 49. h6 Qb1+ 50. Kh2 Qc1 51. Qg4+ Kd5 52. Nf6+ Kc5
53. Qh4 Qc4 54. Qxc4+ Kxc4 55. h7 Kc3 56. h8=Q Kb2 57. Qg8 c5 58. Qb3+ Ka1 59.
Ng4 c4 60. Qxc4 d5 61. Qxd5 e4 62. Qxe4 Kxa2 63. Qb4 Ka1 64. Qxa3+ Kb1 65. Qc3
Ka2 66. Qb4 Ka1 67. Kg1 Ka2 68. Kf2 Ka1 69. Ke2 Ka2 70. Kd2 Ka1 71. Kc2 Ka2 72.
Qb2# 1-0

[Event "NAYCC U10"]
[Site "Kingston CAN"]
[Date "2019.08.17"]
[Round "4.27"]
[White "Tang, Benjamin"]
[Black "Kvirikadze, Becka"]
[Result "1-0"]
[WhiteElo "1679"]
[BlackElo "1340"]
[PlyCount "73"]
[EventDate "2019.08.16"]
[EventType "swiss"]
[EventRounds "9"]
[EventCountry "CAN"]

1. e4 c5 2. Nc3 d6 3. f4 Nc6 4. Nf3 Bd7 5. Bc4 e6 6. d3 Be7 7. O-O Qc7 8. Nb5
Qb6 9. a4 a6 10. Na3 Bf6 11. Qd2 Nge7 12. c3 O-O 13. Nc2 Na5 14. e5 Bxe5 15.
fxe5 d5 16. b4 cxb4+ 17. Qe3 Qxe3+ 18. Nxe3 dxc4 19. cxb4 Nb3 20. Rb1 Nxc1 21.
Rfxc1 cxd3 22. Rc7 Rfd8 23. Rxb7 Nf5 24. Nxf5 exf5 25. b5 axb5 26. axb5 d2 27.
Rd1 Bc8 28. Rc7 Ra2 29. Rxd2 Raxd2 30. Nxd2 Be6 31. b6 Rxd2 32. Ra7 Rd8 33. Ra5
Rb8 34. b7 Bd5 35. Rxd5 Kf8 36. Rd7 g6 37. Rc7 1-0